Guess the K-pop Artist by Song Title 2 - Statistics

General Stats
  • This quiz has been taken 65 times
  • The average score is 15 of 28
Answer Stats
Song Name Answer % Correct
Not Shy Itzy
89%
Can't Stop Me TWICE
87%
Left & Right Seventeen
82%
Drunk-Dazed ENHYPEN
81%
ASAP StayC
77%
Birthday Song (Make A Wish) NCT 127
76%
Wonderland Ateez
74%
Celebrity IU
74%
LUCIFER SHINee
66%
Any Song ZICO
65%
BIRTHDAY SOMI
63%
Not by the Moon GOT7
61%
New Face PSY
60%
Nonstop Oh My Girl
52%
Mirotic TVXQ
50%
Roller Coaster Chungha
48%
BOCA Dreamcatcher
47%
Why Not? LOONA
42%
Flash X1
42%
Heart Attack AOA
35%
Good Guy SF9
35%
Flower Shower Hyuna
32%
Wee Woo PRISTIN
32%
I LOVE YOU Treasure
32%
Devil CLC
31%
Picky Picky Weki Meki
31%
Daisy Pentagon
29%
Valkyrie ONEUS
24%
No matching quizzes found
Score Distribution
Percent of People with Each Score
Percentile by Number Answered
Your Score History
You have not taken this quiz